000 01236cam a2200217 4500
001 ABS63251
008 000000n2000 000 0 eng u
035 _a(Sirsi) u109988
100 _aJessop, D
245 _aWhat is a structure?
260 _c2000
490 _aStructural Survey
_v18(5) December 2000, 205-207(3)
520 _aConsiders the meaning of 'structure' within the Party Wall, etc Act 1996. Notes that a literal meaning might include all man-made objects in the built environment. Argues, however, that such an interpretation might be subject to a qualifying limitation on the basis of the golden rule of statutory interpretation and the presumption against depriving an individual of his rights. Suggests, on this basis, that only significant objects which are sufficiently proximate to the building operations to involve some real invasion of an adjoining owner's rights should be included within the definition. Notes that this leaves considerable scope for discretion to be exercised by surveyors. Journal abstract.
590 _aABS
650 _aPARTY WALL ETC ACT 1996
650 _aParty walls
_96258
650 _aSTRUCTURE
650 _aDEFINITION
690 _aBoundary disputes
_96221
942 _n0
999 _c65602
_d65602